000 00645nam a22002417a 4500
003 UA-OsUOA
001 18540
007 ta
008 20040210b un ||||| |||| 00| 0 ukr d
100 _aСербін Г.П.
090 _bТ-583
942 _cBK
040 _aUA-OsUOA
_bukr
_cUA-OsUOA
_dUA-OsUOA
245 _aГалина Топоровська
_bТворчий портрет
300 _a87 с.
955 _a0
041 _aukr
020 _a966-8306-22-8
591 _a85.313(4Укр-4Рів)
260 _aРівне
_bВолинські обереги
_c2003
044 _aUA
650 7 _aКраєзнавча робота
_2UDC
999 _c304711
_d304711